Defender y proteger la vida : (Registro nro. 4638)

Detalles MARC
000 -LEADER
fixed length control field 01106nam a2200253Ia 4500
003 - CONTROL NUMBER IDENTIFIER
control field OSt
005 - DATE AND TIME OF LATEST TRANSACTION
control field 20200413112923.0
008 - FIXED-LENGTH DATA ELEMENTS--GENERAL INFORMATION
fixed length control field 191128s2008 ck ad gr 000 0 spa d
020 ## - INTERNATIONAL STANDARD BOOK NUMBER
International Standard Book Number 9789586441223
040 ## - CATALOGING SOURCE
Original cataloging agency CO-JMCR
Transcribing agency CO-JMCR
041 0# - LANGUAGE CODE
Language code of text/sound track or separate title spa
082 04 - DEWEY DECIMAL CLASSIFICATION NUMBER
Classification number 323.09861 /
Item number G215d
Edition number 21
100 1# - MAIN ENTRY--PERSONAL NAME
Personal name García Velandia, Martha Cecilia,
Relator term autora
9 (RLIN) 2913
245 10 - TITLE STATEMENT
Title Defender y proteger la vida :
Remainder of title la acción de los defensores de derechos humanos en Colombia /
250 ## - EDITION STATEMENT
Edition statement Primera edición
260 ## - PUBLICATION, DISTRIBUTION, ETC.
Place of publication, distribution, etc. Bogotá :
Name of publisher, distributor, etc. Programa Somos Defensores,
Date of publication, distribution, etc. 2008
300 ## - PHYSICAL DESCRIPTION
Extent 174 páginas :
Other physical details gráficos a blanco y negro ;
Dimensions 28 cm.
500 ## - GENERAL NOTE
General note Inlcuye notas a pie de página.
505 0# - FORMATTED CONTENTS NOTE
Formatted contents note La lucha cotidiana por los derechos: Por la memoria, la justicia y la dignidad -- La interlocución Gobierno - ONG de los derechos humanos durante la administración de Álvaro Uribe Vélez -- Derechos humanos y movilización por la paz en Colombia
650 14 - SUBJECT ADDED ENTRY--TOPICAL TERM
Topical term or geographic name entry element Defensores de derechos humanos
Geographic subdivision Colombia
9 (RLIN) 2914
650 14 - SUBJECT ADDED ENTRY--TOPICAL TERM
Topical term or geographic name entry element Derechos humanos
Geographic subdivision Colombia
9 (RLIN) 2915
650 14 - SUBJECT ADDED ENTRY--TOPICAL TERM
Topical term or geographic name entry element Derecho a la vida
9 (RLIN) 2916
942 ## - ADDED ENTRY ELEMENTS (KOHA)
Source of classification or shelving scheme Dewey Decimal Classification
Koha item type Books
Existencias
Withdrawn status Lost status Source of classification or shelving scheme Damaged status Not for loan Collection code Home library Current library Date acquired Source of acquisition Cost, normal purchase price Total Checkouts Full call number Barcode Date last seen Copy number Koha item type
    Dewey Decimal Classification     Non-fiction Biblioteca Pública José María del Castillo y Rada Biblioteca Pública José María del Castillo y Rada 04/15/2018 Donación 0.00   323.09861 / G215d 201809580 05/16/2024 Ej.1 Books